Economic Reform in China

Gespeichert in:
Bibliographische Detailangaben
1. Verfasser: Balassa, Bela
Format: Buch
Sprache:Englisch
Veröffentlicht: Washington World Bank 1982
Ausgabe:1. ed.
Tags: Tag hinzufügen
Keine Tags, Fügen Sie das erste Tag hinzu!

MARC

LEADER 00000nam a2200000 4500
001 c031182
005 20221220095705.6
041 0 |a eng 
044 |a US 
245 1 0 |a Economic Reform in China  |c Bela Balassa 
250 |a 1. ed. 
264 1 |a Washington  |b World Bank  |c 1982 
300 |a S. 308-333 
500 |a Separát z: Banca Nazionale del Lavoro Quarterly Review, No.142 (September 1982), pp.307-33 
100 1 |a Balassa, Bela